| Registos Bibliográficos associados ao registo de autoridade |
|
Etiqueta de registo: 00254nam 2200025 450 001 2284296 003 http://id.bnportugal.gov.pt/bib/catbnp/2284296 100 ## $a20260414d2025 k y0pory01030103ba 101 0# $apor$deng$dchi 102 ## $aPT 105 ## $ay m 000yy 106 ## $ar 200 1# $aEducação integral em Padre Manuel Antunes e Cai Yuanpei$fNuno Miguel Miranda$gorient. Carlos Rodrigues, José Eduardo Franco, Samuel Dimas 210 #9 $a[S.l.$cs.n.],$d2025 215 ## $a[3], 370, [12] p.$d30 cm 328 #1 $aTese dout. Estudos Globais (Filosofia), Universidade Aberta, 2025 675 ## $a37Antunes, Manuel, Padre(043)$vBN$zpor$31997049 675 ## $a37Yuanpei, Cai(043)$vBN$zpor$31997050 700 #1 $aMiranda,$bNuno Miguel$31995581 702 #1 $93$aRodrigues,$bCarlos$4727$31452164 702 #1 $aFranco,$bJosé Eduardo,$f1969-$4727$3276294 702 #1 $aDimas,$bSamuel,$f1970-$4727$3164034 801 #0 $aPT$bBN$gRPC 966 ## $lBN$mFGMON$x1 971 ## $corlando$d20260414 973 ## $csteixeira$d20260427
|
|
|